Our World & your World Academy of Art University (Record no. 6316)

000 -LEADER
fixed length control field 00347nam a2200133Ia 4500
008 - FIXED-LENGTH DATA ELEMENTS--GENERAL INFORMATION
fixed length control field 190704s9999||||xx |||||||||||||| ||und||
020 ## - INTERNATIONAL STANDARD BOOK NUMBER
International Standard Book Number 9876543210097
082 ## - DEWEY DECIMAL CLASSIFICATION NUMBER
Classification number 700
Item number ACA/O
100 ## - MAIN ENTRY--PERSONAL NAME
Personal name Academy of Art University
245 #0 - TITLE STATEMENT
Title Our World & your World Academy of Art University
260 ## - PUBLICATION, DISTRIBUTION, ETC.
Place of publication, distribution, etc. Francisco
Name of publisher, distributor, etc. AAU
Date of publication, distribution, etc. 1929
300 ## - PHYSICAL DESCRIPTION
Extent 791p
942 ## - ADDED ENTRY ELEMENTS (KOHA)
Koha item type Book

No items available.

All Rights Reserved@MUIT

Powered by Koha